| 000 | 02090nam a22003017a 4500 | ||
|---|---|---|---|
| 001 | 1290 | ||
| 005 | 20250527162105.0 | ||
| 020 | _a9789996305573 | ||
| 040 |
_aFISKH _beng _cFISKH _dFISKH |
||
| 082 | _a634 | ||
| 100 | _aTakakazu, Yamada | ||
| 245 |
_aម៉ូម៉ូតារ៉ូ / _cTakakazu Yamada |
||
| 246 | _aMomotaro | ||
| 250 | _aបោះពុម្ពលើកទី ៥ ខែវិច្ឆិកា ឆ្នាំ ២០២១ | ||
| 260 |
_aPhnom Penh : _bSipar, _c2021. |
||
| 300 |
_a47 pages : _bcolor illustrations ; _c19 cm |
||
| 490 | _aខ្ញុំអានបាន | ||
| 500 | _aម៉ូម៉ូតារ៉ូ | ||
| 505 | _aY | ||
| 505 | _aម៉ូម៉ូតារ៉ូ | ||
| 520 | _aប្ដីប្រពន្ធចំណាស់ពីរនាក់បានជួបផ្លែប៉េសយក្សមួយ នៅពេលដែលលោកយាយទៅបោកខោអាវនៅស្ទឹង។ ពេលពួកគាត់កាត់ផ្លែប៉េសនោះជាពីរ ស្រាប់តែមានក្មេងប្រុសស្អាតម្នាក់លេចចេញមក។ កុមារនោះហៅខ្លួនគេថា ម៉ូម៉ូតារ៉ូ ឬ ក្មេងប្រុសផ្លែប៉េស។ នៅពេលដែលម៉ូម៉ូតារ៉ូ ធំពេញរូបរាង គេក៏សម្រេចចិត្តចេញដំណើរទៅកោះបិសាចដើម្បីកម្ចាត់បិសាច។ | ||
| 520 | _aAn elderly couple meets a giant peach when grandma goes to wash clothes at the river. As an elderly couple cut the peach into two, a beautiful boy appeared. The boy calls himself Momotaro or a Peach Boy. When Momotaro grew up, he decided to go to a monster island to defeat the monster. | ||
| 521 |
_a890 _bLexile estimate |
||
| 521 |
_aY _bRaz-Plus |
||
| 650 | _aម៉ូម៉ូតារ៉ូ | ||
| 700 |
_aYamada, Takakazu _cillustrator |
||
| 942 |
_2ddc _cBK _n0 |
||
| 999 |
_c1290 _d1290 |
||